LDR 00789naa#a2200169#i#450# 001 RU\\bibl\124888 005 20260604101141.4 011 ## _a2221-3260 100 ## _a20260331b2026####ek#y0rusy0150####ca 102 ## _aRU 200 1# _aУстойчивый декаплинг и его место в модели современного экологического регулирования _eЖурнальная статья 210 1# _aЯрославль _cЯрославский государственный технический университет _d2026 215 ## _a19 с. 608 ## _aЖурнальная статья _2local 700 #1 _aСапир _gЕлена Владимировна 700 #1 _aРасетаривелу _gРаду Принси Огюст 856 4# _atheoreticaleconomy.ru _u